Strategický marketingový plán Audiovizuálního centra

Saved in:
Bibliographic Details
Main Author Nemeškalová, Markéta (Dissertant)
Other Authors Janíková, Jana (Thesis advisor)
Format Manuscript Book
LanguageCzech
Published 2014
Subjects
Online AccessPlný text v Digitální knihovně UTB
Physical Description98 s.

Cover

LEADER 00000ntm a22000007u 4500
001 zp36968
041 |a cze 
100 1 |a Nemeškalová, Markéta  |4 dis 
245 1 0 |a Strategický marketingový plán Audiovizuálního centra 
246 |a Strategic Marketing Plan of an Audiovisual Centre 
260 |c 2014 
300 |a 98 s. 
500 |a Studijní obor: Marketingové komunikace 
500 |a Studijní obor: Marketing Communications 
500 |a Ústav: Ústav marketingových komunikací 
500 |a Univerzita Tomáše Bati ve Zlíně. Fakulta multimediálních komunikací 
500 |a Tomas Bata University in Zlín. Faculty of Multimedia Communications 
506 |a Bez omezení 
653 |a strategický marketingový plán 
653 |a kreativní průmysly 
653 |a filmový průmysl 
653 |a Zlínský kraj 
653 |a Audiovizuální centrum 
653 |a kvalitativní rozhovory 
653 |a analýzy prostředí 
653 |a strategic marketing plan 
653 |a creative industries 
653 |a film industry 
653 |a Zlín Region 
653 |a Audio-visual center 
653 |a qualitative interviews 
653 |a analysis of environment 
655 4 |a diplomová práce 
700 1 |a Janíková, Jana  |4 ths 
710 2 |a Univerzita Tomáše Bati ve Zlíně. Fakulta multimediálních komunikací  |4 dgg 
710 2 |a Tomas Bata University in Zlín. Faculty of Multimedia Communications  |4 dgg 
856 4 0 |u http://hdl.handle.net/10563/30500  |y Plný text v Digitální knihovně UTB